Juan Díaz de Solís: Estudio histórico. Por José Toribio Medina
保存先:
| 第一著者: | |
|---|---|
| フォーマット: | 図書 |
| 言語: | スペイン語 |
| 出版事項: |
Santiago
Impreso en casa del autor
1897
|
| 版: | 1a. ed |
| 主題: | |
| タグ: |
タグ追加
タグなし, このレコードへの初めてのタグを付けませんか!
|
MARC
| LEADER | 00000nam a2200000 a 4500 | ||
|---|---|---|---|
| 001 | UCJ3758 | ||
| 003 | CL-VaPUC | ||
| 005 | 20211115173926.0 | ||
| 008 | 070124e18970000CL |||||||||||||||||spa|d | ||
| 999 | |c 319880 |d 319878 | ||
| 040 | |c Pontificia Universidad Católica de Valparaíso | ||
| 082 | 0 | 4 | |a 983 |b MED |2 21 |
| 100 | |a Medina, José Toribio |d autor |9 864577 | ||
| 245 | 1 | 0 | |a Juan Díaz de Solís: Estudio histórico. Por José Toribio Medina |
| 246 | 1 | 0 | |a Juan Díaz de Solís. Estudio histórico. Por José Toribio Medina. Documentos y bibliografía |
| 250 | |a 1a. ed | ||
| 260 | |a Santiago |b Impreso en casa del autor |c 1897 | ||
| 300 | |a ccclii, 252 p | ||
| 500 | |a 8§.- Vol. I: Anteport.- v. en bl.- Port.- v. en bl.- Vol. II: Anteport.- v. en bl.- Port.-, agregado (Documentos y bibliografía).- v. en bl. Ambos volúmenes se encuentran reunidos en uno. Chiappa-Feliú Cruz, N§s 75 y 76 | ||
| 583 | |a last modification |c 20070124 00:00:00 |k Rodrigo Vera | ||
| 600 | |a Díaz de Solís, Juan, |d 1470-1516 |9 864466 | ||
| 650 | 0 | |a Descubrimientos geográficos |9 331933 | |
| 650 | 7 | |a NAVEGANTES ESPAÑOLES |2 CL-VaPUC |9 506089 | |
| 650 | 7 | |a BIBLIOGRAFIA |2 CL-VaPUC |9 256175 | |
| 650 | 0 | |a Reales Cédulas |9 506090 | |
| 651 | 0 | |a Río de La Plata |9 357809 | |
| 942 | |c BK |2 ddc | ||
| 945 | |d 20070124 00:00:00 |a rinostro | ||
| 952 | |0 0 |1 0 |4 0 |6 983_000000000000000_MED_1897 |7 0 |8 X |9 398281 |a FDOBUD |b FDOBUD |d 2019-11-22 |i 1007912 |o 983 MED 1897 |p 1007912 |r 2019-11-22 |w 2019-11-22 |y BK_X |k BUD | ||